Matrices for scientists and engineers
Saved in:
| Hovedforfatter: | |
|---|---|
| Format: | Bog |
| Sprog: | engelsk |
| Udgivet: |
Nueva York
Van Nostrand Reinhold
1975
|
| Fag: | |
| Tags: |
Tilføj Tag
Ingen Tags, Vær først til at tagge denne postø!
|
MARC
| LEADER | 00000nam a2200000 a 4500 | ||
|---|---|---|---|
| 001 | UCU3151 | ||
| 003 | CL-VaPUC | ||
| 008 | 960502e19750000US |||||||||||||||||eng|d | ||
| 082 | 0 | 4 | |a 512.943 |b BEL |2 21 |
| 100 | 0 | |a Bell, W. W |e author |9 359922 | |
| 245 | 1 | 0 | |a Matrices for scientists and engineers |
| 300 | |a 229 p | ||
| 942 | |c BK | ||
| 945 | |d 19960502 00:00:00 |a paguirre | ||
| 260 | |a Nueva York |b Van Nostrand Reinhold |c 1975 | ||
| 650 | 0 | |a Matrices |9 22 | |
| 650 | 0 | |a Matemática |9 260235 | |
| 650 | 0 | |a Álgebra lineal |9 260445 | |
| 650 | 0 | |a Ecuaciones lineales |9 342219 | |
| 583 | |a last modification |c 19960502 00:00:00 |k Rodrigo Vera | ||
| 999 | |c 247250 |d 247248 | ||